Nacha Regules.

Bibliographic Details
Main Author: Gálvez, Manuel, 1882-1962
Format: Book
Language:Spanish
Published: Buenos Aires : Editorial Tor, [date of publication not identified]

MARC

Tag First Indicator Second Indicator Subfields
LEADER 00000cam a2200000 4500
001 in00000021709
005 20151007063713.0
008 800703nuuuuuuuuag 00001 spa d
035 |a (OCoLC)06483937 
035 |9 AAD8042AM 
040 |a TXA  |c TXA  |d UtOrBLW 
049 |a TXAM  |c [81674] 
090 |a PQ7797.G25  |b N33 1900z 
092 |a 863  |b G182n 
100 1 |a Gálvez, Manuel,  |d 1882-1962. 
245 1 0 |a Nacha Regules. 
264 1 |a Buenos Aires :  |b Editorial Tor,  |c [date of publication not identified] 
300 |a 190 pages 
336 |a text  |b txt  |2 rdacontent 
337 |a unmediated  |b n  |2 rdamedia 
338 |a volume  |b nc  |2 rdacarrier 
999 |a MARS 
999 f f |s b9c30206-fa72-3fc0-adcb-f9ef15449da4  |i 12ea35ec-221e-3f40-b9bd-a624e863f141  |t 0 
952 f f |p normal  |a Texas A&M University  |b College Station  |c Sterling C. Evans Library  |d Evans: Library Stacks  |t 0  |e PQ7797.G25 N33 1900z  |h Library of Congress classification  |i unmediated -- volume  |m A14801384137 
998 f f |a PQ7797.G25 N33 1900z  |t 0  |l Evans: Library Stacks